000 01336naa a22003137a 4500
001 BR9406756
003 BR-BrBNA
005 20250721155525.0
007 ta
008 250630b bl.|||m| |||| 00| 0 por d
040 _aBR-BrBNA
_bpor
_cBiblioteca Nacional de Agricultura
041 _a(Pt)
072 _aE16; L01
_b5240
090 _aE16 BR9406756
100 1 _aAraujo Filho, J.A. de
100 1 _aCarvalho, F.C. de
100 1 _aPimentel, J.C.M.
111 1 _a1. Semana da Caprinocultura e da Ovinocultura Tropical Brasileira
_cBrasilia, DF (Brazil)
_dJul 1994
245 1 _aEstadio atual e perspectivas da ovinocultura Tropical
500 _aAnais da 1. Semana da Caprinocultura e da Ovinocultura Tropical Brasileira Leite, E.R.(ed.) Sobral, CE (Brasil): 1994. p. 77-100 [8 tables; 29 ref.] (BR9406756-AMS)
773 0 _tAnais da 1. Semana da Caprinocultura e da Ovinocultura Tropical Brasileira
_aLeite, E.R.(ed.). Centro Nacional de Pesquisa de Caprinos, Sobral, CE (Brasil)
_wE16 BR9406756
_gSobral, CE (Brasil), 1994. p. 77-100
650 _aOvinocultura
650 _aRaca
650 _aSistema de Producao
650 _aEconomia da Producao
490 _aDocumentos - Centro Nacional de Pesquisa de Caprinos (Brazil)
_vno. 23
_xISSN 0101-7271
942 _cAMS
_2AGRIS
909 _a202506
_bLúcia
_c55
_dLúcia Elande
999 _c336991
_d336991